Vetus Testamentum graecum juxta septuaginta interpretes (Record no. 152076)

MARC details
000 -LEADER
campo de control de longitud fija 00923nam a2200205 i 4500
001 - NÚMERO DE CONTROL
campo de control 152076
003 - IDENTIFICADOR DE NÚMERO DE CONTROL
campo de control ES-MaACL
005 - FECHA Y HORA DE LA ÚLTIMA TRANSACCIÓN
campo de control 20230906204525.0
008 - DATOS DE LONGITUD FIJA--INFORMACIÓN GENERAL
campo de control de longitud fija 950614s1855 fr |||| | lat d
040 ## - FUENTE DE CATALOGACIÓN
Centro catalogador/agencia de origen CLM
Lengua de catalogación spa
Centro/agencia transcriptor CCPB | SIC
080 ## - NÚMERO DE LA CLASIFICACIÓN DECIMAL UNIVERSAL
Número de la Clasificación Decimal Universal 22(8)
130 0# - ENTRADA PRINCIPAL--TÍTULO UNIFORME
Título uniforme Biblia.
Nombre de parte o sección de la obra A.T.
Lenguaje de la obra Griego-Latín.
9 (RLIN) 163096
245 12 - MENCIÓN DEL TÍTULO
Título Vetus Testamentum graecum juxta septuaginta interpretes
Resto del título : ex auctoritate Sixti Quinti Pontificis maximi editum juxta exemplar originale Vaticanum = E palaia diatheque kata toys ebdomekonta /
Mención de responsabilidad, etc. cum latina translatione animadversionibus et complementis ex aliis manuscriptis cura et studio J. N. Jager.
260 ## - PUBLICACIÓN, DISTRIBUCIÓN, ETC.
Lugar de publicación, distribución, etc. Parisiis :
Nombre del editor, distribuidor, etc. Editore Ambrosio Firmin Didot Instituti Franciae typographo,
Fecha de publicación, distribución, etc. 1855.
300 ## - DESCRIPCIÓN FÍSICA
Extensión 2 v. ;
Dimensiones 26 cm.
597 ## - NOTA DE DESCRIPCIÓN FÍSICA
NOTA DE DESCRIPCIÓN FÍSICA Texto paralelo en latin y griego.
597 ## - NOTA DE DESCRIPCIÓN FÍSICA
NOTA DE DESCRIPCIÓN FÍSICA Texto a dos col.
700 0# - ENTRADA AGREGADA--NOMBRE PERSONAL
Nombre de persona Jager, Jean Nicolas.
9 (RLIN) 65918
852 ## - LOCALIZACIÓN
Ubicación ES-MaACL
Número de control de estantería B-2455-56
Nota libre -- Enc. hol.
Holdings
Estatus retirado Estado de pérdida Estado de daño No para préstamo Colección Biblioteca de origen Biblioteca actual Ubicación en estantería Fecha de adquisición Total de préstamos Signatura topográfica completa Código de barras Visto por última vez Precio de reemplazo Tipo de ítem Koha
        Libros del s. XIX Biblioteca del Ateneo de Madrid Biblioteca del Ateneo de Madrid Sala Pardo Bazán 17/01/2008   B-2455-56 1158744 23/02/2023 23/02/2023 Libro impreso antiguo